000 00250nam a22001217a 4500
999 _c158653
_d158653
082 _a
_b
100 _aAlison W L
245 _aThe sadhs/
_cby Alison W L.
260 _aNew Delhi:
_bAnmol,
_c1985.
300 _a127p.
650 _a
942 _cBK